| 000 | 00691cam a2200193 4500 | ||
|---|---|---|---|
| 001 | J64336 | ||
| 008 | 000000n1975 000 0 eng u | ||
| 035 | _a(Sirsi) u112304 | ||
| 110 |
_aInstitute of Building Control _93341 |
||
| 245 | 4 | _aThe Institution of Building Control Officers North Wales district - 9th weekend school | |
| 260 |
_aEpsom _bIBC _c1975 |
||
| 300 | _a37p. ; 30cm. | ||
| 520 | _aStored in basement. Weekend School held at University College of North Wales Bango - 11-13 April 1975 | ||
| 650 | _aIBC | ||
| 650 | _aINSTITUTE OF BUILDING CONTROL | ||
| 650 | _aPROFESSIONAL ASSOCIATIONS | ||
| 690 | _aMANAGEMENT-BUSINESS MANAGEMENT-PROFESSIONAL PRACTICE | ||
| 942 | _n0 | ||
| 999 |
_c101399 _d101399 |
||